| 000 | 01157nam a22003617a 4500 | ||
|---|---|---|---|
| 001 | 000030432 | ||
| 003 | CHAP | ||
| 005 | 20220329135013.0 | ||
| 008 | 971013s1966 r 00010 d | ||
| 010 | _a29380 | ||
| 011 | _a30352 | ||
| 035 | _a34464 | ||
| 040 | _cCHAP | ||
| 082 | 0 | 4 |
_a595.7 _bK76 |
| 100 | 0 | 0 |
_aKrogstad, Blanchard O. _963954 |
| 245 | 1 | 0 | _aEcología avanzada de los insectos. |
| 260 |
_aChapingo, Méx. : _bColegio de Postgraduados, _c1966. |
||
| 300 | _a143 p. | ||
| 490 | 1 |
_aSerie de apuntes _v; 5 |
|
| 590 |
_aBATCH-UPD _b10 _c20130110 _lUCH01 _h1417 |
||
| 590 |
_aBATCH-UPD _b10 _c20130410 _lUCH01 _h0901 |
||
| 590 |
_aBATCH-UPD _b10 _c20130914 _lUCH01 _h1235 |
||
| 590 |
_aCONVERSION _b10 _c20130109 _lUCH01 _h1317 |
||
| 590 |
_aE5995AHE _b05 _c20150225 _lUCH01 _h0939 |
||
| 650 | 1 | 4 |
_aEcología de insectos. _935172 |
| 710 | 0 |
_aENA. Colegio de Postgraduados. Chapingo, Méx. _936679 |
|
| 830 | 0 |
_aSerie de apuntes _v; 5 _9104684 |
|
| 901 | _aBK | ||
| 942 | _cLIBRO | ||
| 942 | _n0 | ||
| 949 |
_a595.7 K76 _bBC _cLIBRO _d33724000347811 _eLIBRO _fc.3 _h27019 _i34464 _si |
||
| 949 |
_a595.7 K76 _bBC _cUACH _d-79752 _eUACH _fc.2 _h27018 _i34464 _si |
||
| 999 |
_c29380 _d29380 |
||